000 00773nam a22002537a 4500
001 BR9104035
003 BR-BrBNA
005 20230928093633.0
007 ta
008 230509b bl.||||| |||| 00| 0 por d
040 _aBR-BrBNA
_bpor
_cBiblioteca Nacional de Agricultura
041 _a(Por)
072 _aE14
090 _ E14 BR9104035
100 1 _aMarques Filho, J.A.
110 1 _aSecretaria de Estado da Agricultura, Pecuaria e Abastecimento, Belo Horizonte, MG (Brasil)
_98844
245 1 _aProgramas suplementares de suporte ao programa de impacto 1989
260 3 _aBelo Horizonte, MG (Brasil):
_c1989.
300 _a55 p.
650 _aPLANEJAMENTO AGRICOLA
650 _aDESENVOLVIMENTO RURAL
909 _a202309
_bLucia
_c55
_dLucia Elande
942 _cBK
999 _c46170
_d46170